UBT Library

The promise and performance of American democracy / (Record no. 41884)

000 -LEADER
fixed length control field 00765cam a2200265 a 4500
001 - CONTROL NUMBER
control field 16498702
005 - DATE AND TIME OF LATEST TRANSACTION
control field 20180206041617.0
008 - FIXED-LENGTH DATA ELEMENTS--GENERAL INFORMATION
fixed length control field 101012s2012 maua b 001 0 eng
010 ## - LIBRARY OF CONGRESS CONTROL NUMBER
LC control number 2010939140
020 ## - INTERNATIONAL STANDARD BOOK NUMBER
International Standard Book Number 9780495913740 (pbk.)
020 ## - INTERNATIONAL STANDARD BOOK NUMBER
International Standard Book Number 049591374X (pbk.)
040 ## - CATALOGING SOURCE
Original cataloging agency DLC
Transcribing agency DLC
Modifying agency DLC
041 ## - LANGUAGE CODE
Language code of text/sound track or separate title eng
042 ## - AUTHENTICATION CODE
Authentication code pcc
043 ## - GEOGRAPHIC AREA CODE
Geographic area code n-us---
080 ## - UNIVERSAL DECIMAL CLASSIFICATION NUMBER
Universal Decimal Classification number 320.473 JON
082 00 - DEWEY DECIMAL CLASSIFICATION NUMBER
Classification number 320.473 JON
Edition number 22
100 1# - Rafti
Rafti 21
101 ## - Shkurtesa
Shkurtesa POL
245 14 - TITLE STATEMENT
Title The promise and performance of American democracy /
Statement of responsibility, etc Jon R. Bond, Kevin B. Smith.
504 ## - BIBLIOGRAPHY, ETC. NOTE
Bibliography, etc Includes bibliographical references and indexes.
906 ## - LOCAL DATA ELEMENT F, LDF (RLIN)
a 7
b cbc
c orignew
d 2
e epcn
f 20
g y-gencatlg
942 ## - ADDED ENTRY ELEMENTS (KOHA)
Source of classification or shelving scheme
Item type Books
Holdings
Withdrawn status Lost status Source of classification or shelving scheme Damaged status Not for loan Collection code Permanent location Current location Shelving location Date acquired Total Checkouts Full call number Barcode Date last seen Price effective from Koha item type
          Koleksioni i përgjithshem UBT - Lipjan UBT - Lipjan Koleksioni i përgjithshem 02/06/2018   320.473 JON 002-2999249 02/06/2018 02/06/2018 Books
UBT Library © 2015-2024. All rights reserved University Education for Business and Technology